Países en los que se habla español - Estadísticas

Estadísticas generales
  • Esta prueba ha sido intentada 171 veces
  • La puntuación promedio es 19 de 21
Respuestas en el mapa
Las respuestas están codificadas por una escala verde-roja en el mapa de la prueba según el % correcto abajo.
 
Estadísticas de respuestas
Hint Respuesta % Correcto
9. España
99%
13. México
99%
4. Colombia
98%
1. Argentina
97%
3. Chile
97%
2. Bolivia
96%
7. Ecuador
96%
17. Perú
96%
21. Venezuela
96%
5. Cuba
95%
16. Paraguay
95%
20. Uruguay
94%
8. El Salvador
92%
14. Nicaragua
92%
12. Honduras
91%
15. Panamá
91%
6. Costa Rica
90%
10. Guatemala
88%
19. República Dominicana
86%
11. Guinea Ecuatorial
78%
18. Puerto Rico
53%
No se encontraron pruebas coincidentes
Distribución de puntuación
Porcentaje de gente con cada puntuación
Porcentaje por número respondido
Historial de tus puntuaciones
No has intentado esta prueba.